La responsabilidad profesional del abogado puertorriqueño siglo XXI / (Registro nro. 172791)
[ vista simple ]
| 000 -LEADER | |
|---|---|
| fixed length control field | 01098nam a22003371i 4500 |
| 001 - CONTROL NUMBER | |
| control field | bslw10057371 |
| 006 - FIXED-LENGTH DATA ELEMENTS--ADDITIONAL MATERIAL CHARACTERISTICS--GENERAL INFORMATION | |
| fixed length control field | m o d |
| 007 - PHYSICAL DESCRIPTION FIXED FIELD--GENERAL INFORMATION | |
| fixed length control field | cr un ---uuuua |
| 008 - FIXED-LENGTH DATA ELEMENTS--GENERAL INFORMATION | |
| fixed length control field | 230608s2023 pr o 000 0 spa d |
| 035 ## - | |
| -- | 38456 |
| 035 ## - | |
| -- | 38463 |
| 040 ## - CATALOGING SOURCE | |
| Original cataloging agency | UtOrBLW |
| Language of cataloging | eng |
| Description conventions | rda |
| Transcribing agency | UtOrBLW |
| 043 ## - | |
| -- | n-us--- |
| 050 #4 - | |
| -- | KGV215 |
| -- | .O78 2023 |
| 082 04 - | |
| -- | 340.068 |
| -- | 23 |
| 100 1# - MAIN ENTRY--PERSONAL NAME | |
| Personal name | Ortega-Vélez, Ruth E., |
| Relator term | author. |
| 245 13 - TITLE STATEMENT | |
| Title | La responsabilidad profesional del abogado puertorriqueño siglo XXI / |
| Statement of responsibility, etc | por Ruth E. Ortega-Vélez. |
| 250 ## - | |
| -- | Primera edición. |
| 264 #1 - | |
| -- | [Puerto Rico?] : |
| -- | Ediciones Situm, |
| -- | 2023. |
| 300 ## - PHYSICAL DESCRIPTION | |
| Extent | 1 online resource (2 volumes) |
| 336 ## - | |
| -- | text |
| -- | txt |
| -- | rdacontent |
| 337 ## - | |
| -- | computer |
| -- | c |
| -- | rdamedia |
| 338 ## - | |
| -- | online resource |
| -- | cr |
| -- | rdacarrier |
| 505 0# - FORMATTED CONTENTS NOTE | |
| Formatted contents note | tomo I. 2001-2013 -- tomo II. 2014-2022. |
| 650 #0 - SUBJECT ADDED ENTRY--TOPICAL TERM | |
| Topical term or geographic name as entry element | Legal ethics |
| Geographic subdivision | Puerto Rico. |
| 650 #0 - SUBJECT ADDED ENTRY--TOPICAL TERM | |
| Topical term or geographic name as entry element | Legal ethics |
| Geographic subdivision | Puerto Rico |
| Form subdivision | Cases. |
| 856 40 - LOCALIZACIÓN Y ACCESO ELECTRÓNICO | |
| Identificador Uniforme del Recurso (URI/URL) | https://app.vlex.com/#/sources/38456 |
| 856 40 - LOCALIZACIÓN Y ACCESO ELECTRÓNICO | |
| Identificador Uniforme del Recurso (URI/URL) | https://app.vlex.com/#/sources/38463 |
| 942 ## - | |
| -- | RAA |
| 999 ## - | |
| -- | 172791 |
| -- | 172791 |
No hay ítems disponibles.